000 00819cam a2200253 4500
001 sa 68018534
003 DLC
005 20260227112712.0
008 711013m19669999ii 000 0 eng
010 _asa 68018534
025 _aPL480:I-E-10617
040 _aDLC
_cDLC
_dDLC
043 _aa-ii---
050 0 0 _aSD414.I5
_bU8
110 1 _aUttar Pradesh (India).
_bForest Department.
245 1 0 _aDraft fourth five year plan, 1966-1971.
260 _a[Lucknow?]
_bDy. Chief Conservator of Forests (Planning), U.P.
_c[1966-
300 _av.
_c34 cm.
500 _aCover title.
500 _a"For official use only."
505 1 _av. 1. Forestry & soil conservation; state and centrally sponsored.
650 0 _aForest conservation
_zIndia
_zUttar Pradesh.
650 0 _aSoil conservation
_zIndia
_zUttar Pradesh.
999 _c88485
_d88485